00842 2200277 4500001002100000005001700021020002200038035002500060040001200085082001400097084001400111090001400125100003100139245013700170250001100307260003900318300004600357500003100403650002200434700002100456700002400477850001200501990001700513990001700530990001700547YOGYA00000000010675220151012141507.0 a978-979-29-3366-6 a0010-061400000000105 aYOPDYOG 2[22]a158 a158 Bet P a158 Bet P aBETHSAIDA JANIWARTY, 1967- aPendidikan psikologi untuk bidanb: suatu teori dan terapannyac/ Bethsaida Janiwarty, Herri Zan Pieter ; editor, Dewiberta Hardjono aCet. 1 aYogyakartabRapha Publishingc2013 axvi, 348 hlm. :bilus. ;c23 cm. (3 eks.) aBibliografi : hlm. 341-348 aPsikologi terapan aHerri Zan Pieter aDewibertha Hardjono aYOPDYOG a7765/PD.2014 a7766/PD.2014 a7767/PD.2014